Workbook of atmospheric dispersion estimates : (Record no. 87570)
[ view plain ]
| 000 -LEADER | |
|---|---|
| fixed length control field | 00846cam a2200205 4500 |
| 008 - FIXED-LENGTH DATA ELEMENTS--GENERAL INFORMATION | |
| fixed length control field | 050921t19941994flua 000 0 eng u |
| 020 ## - INTERNATIONAL STANDARD BOOK NUMBER | |
| International Standard Book Number | 156670023X |
| 100 1# - MAIN ENTRY--PERSONAL NAME | |
| Personal name | Turner, D. Bruce |
| 245 10 - TITLE STATEMENT | |
| Title | Workbook of atmospheric dispersion estimates : |
| Remainder of title | An introduction to dispersion modeling / |
| Statement of responsibility, etc | D. Bruce Turner. |
| 250 ## - EDITION STATEMENT | |
| Edition statement | 2a.ed. |
| 260 ## - PUBLICATION, DISTRIBUTION, ETC. (IMPRINT) | |
| Place of publication, distribution, etc | Boca Raton, Florida : |
| Name of publisher, distributor, etc | Lewis Publishers, |
| Date of publication, distribution, etc | 1994 |
| 300 ## - PHYSICAL DESCRIPTION | |
| Extent | ix, p.v. : |
| Other physical details | il. ; |
| Dimensions | 24 cm. + 1 Disket 3 1/2 pulg. |
| 504 ## - BIBLIOGRAPHY, ETC. NOTE | |
| Bibliography, etc | Incluye apéndice, bibliografía e índice |
| 506 ## - RESTRICTIONS ON ACCESS NOTE | |
| Terms governing access | PIFI 3.1 |
| 650 #4 - SUBJECT ADDED ENTRY--TOPICAL TERM | |
| Topical term or geographic name as entry element | Contaminación atmosférica |
| General subdivision | Modelos matemáticos |
| 650 #4 - SUBJECT ADDED ENTRY--TOPICAL TERM | |
| -- | aDifusión atmosférica |
| General subdivision | Modelos matemáticos |
| 942 ## - ADDED ENTRY ELEMENTS (KOHA) | |
| Source of classification or shelving scheme | Biblioteca del Cogreso de los Estados Unidos |
| Koha item type | Libro |
| Estado de pérdida | Fuente de clasificación | Estado del daño | No para préstamo | Ubicación permanente | Ubicación actual | Apartado o colección | Fecha de adquisición | Edición | Área del conocimiento | Clasificación | Código de Barras | Date last seen | Número de copia | Tipo de recurso |
|---|---|---|---|---|---|---|---|---|---|---|---|---|---|---|
| Biblioteca del Cogreso de los Estados Unidos | Ejemplar único | Biblioteca de la Facultad de Biología | Biblioteca de la Facultad de Biología | General | 19/05/2016 | 2a. ed. | Ciencias Agropecuarias | TD883 T87 1994 | BFB000005139 | 19/05/2016 | C:1 | Libro |